ბათუმის შოთა რუსთაველის სახელმწიფო უნივერსიტეტის ბიბლიოთეკა

ირლანდია ქართულ-ირლანდიურ მხატვრულ-პუბლიცისტურ ნარატივში : (ბიბ.ჩანაწერი № 63321)

000 -ლიდერი
ფიქსირებული სიგრძის საკონტროლო ველი 01558nam a22002417a 4500
003 - საკონტროლო ნომრის იდენტიფიკატორი
საკონტროლო ველი Ge_BSU
005 - ბოლო ოპერაციის თარიღი და დრო
საკონტროლო ველი 20250910175224.0
008 - ფიქსირებული სიგრძის მონაცემთა ელემენტები - ზოგადი ინფორმაცია
ფიქსირებული სიგრძის საკონტროლო ველი 250910s2024 ge ||||| |||| 00| 0 geo d
020 ## - წიგნის საერთაშორისო სტანდარტული ნომერი
International Standard Book Number 9789941318085
041 ## - ენის კოდი
Language code of text/sound track or separate title geo
080 ## - უნივერსალური ათობითი კლასიფიკაციის ინდექსი
Universal Decimal Classification number 821.353.1.091:821.152.1 თ-71
100 ## - მთავარი ჩანაწერი - პიროვნების სახელი
Personal name თოლორდავა, ნათია
9 (RLIN) 25790
245 ## - ცნობა სათაურის შესახებ
Title ირლანდია ქართულ-ირლანდიურ მხატვრულ-პუბლიცისტურ ნარატივში :
Remainder of title [მონოგრაფია] /
Statement of responsibility, etc ნათია თოლორდავა; რედაქტორი როსტომ ჩხეიძე; გარეკანის დიზაინერი ნინო ხვინგია.
264 ## - წარმოების, გამოცემის, დისტრიბუციის და სხვა ცნობები
გამოცემის, წარმოების, დისტრიბუციის... ადგილი თბილისი :
გამოცემის, წარმოების, დისტრიბუციის... სახელწოდება ინტელექტი,
გამოცემის, წარმოების, დისტრიბუციის... თარიღი 2024.
300 ## - ფიზიკური აღწერა
Extent 228 გვ. ;
Other physical details 20 სმ.
504 ## - BIBLIOGRAPHY, ETC. NOTE
Bibliography, etc ბიბლიოგრაფია: გვ. 219-225.
653 ## - INDEX TERM--UNCONTROLLED
Uncontrolled term ქართულ-ირლანდიური ლიტერატურული ურთიერთობები
653 ## - INDEX TERM--UNCONTROLLED
Uncontrolled term ირლანდიური ლიტერატურის ისტორია
653 ## - INDEX TERM--UNCONTROLLED
Uncontrolled term ირლანდიური პუბლიცისტიკის ისტორია და კრიტიკა
700 ## - ADDED ENTRY--PERSONAL NAME
Personal name ჩხეიძე, როსტომ
Relator term რედაქტორი
9 (RLIN) 1213
700 ## - ADDED ENTRY--PERSONAL NAME
Personal name ხვინგია, ნინო
Relator term გარეკანის დიზაინერი
9 (RLIN) 25483
942 ## - ADDED ENTRY ELEMENTS (KOHA)
Source of classification or shelving scheme
Koha item type წიგნი
ეგზემპლარები
ჩამოწერის სტატუსი დაკარგული ეგზემპლარის სტატუსი კლასიფიკაციის წყარო ან თაროზე გაწყობის სქემა დაზიანების სტატუსი არ გაიცემა მუდმივი მდებარეობა (დაცვის ადგილი) ამჟამინდელი ადგილსამყოფელი თაროზე განთავსების ადგილი შეძენის თარიღი ღირებულება, შესყიდვის ნორმალური ფასი სრული შენახვის შიფრი შტრიხკოდი ბოლო ოპერაციის თარიღი ეგზემპლარის მიმდევრობითი ნომერი (კეტერი?) Uniform Resource Identifier ფასის ძალაში შესვლის თარიღი ეგზემპლარის სახეობა საჯარო შენიშვნა
          ბათუმის შოთა რუსთაველის სახელმწიფო უნივერსიტეტის მთავარი ბიბლიოთეკა ბათუმის შოთა რუსთაველის სახელმწიფო უნივერსიტეტის მთავარი ბიბლიოთეკა წიგნსაცავი 2025-09-10 8.00 821.353.1.091:821.152.1 თ-71 72333 2025-09-10 72333 ნაჩუქარი 2025-09-10 წიგნი 8 ლ.
          ბათუმის შოთა რუსთაველის სახელმწიფო უნივერსიტეტის მთავარი ბიბლიოთეკა ბათუმის შოთა რუსთაველის სახელმწიფო უნივერსიტეტის მთავარი ბიბლიოთეკა წიგნსაცავი 2025-09-10 8.00 821.353.1.091:821.152.1 თ-71 72334 2025-09-10 72334 ნაჩუქარი 2025-09-10 წიგნი 8 ლ.